| 000 -LEADER |
| fixed length control field |
00913pab a2200181 454500 |
| 008 - FIXED-LENGTH DATA ELEMENTS--GENERAL INFORMATION |
| fixed length control field |
180718b2001 xxu||||| |||| 00| 0 eng d |
| 100 ## - MAIN ENTRY--PERSONAL NAME |
| Personal name |
Malick, M.H. |
| 245 ## - TITLE STATEMENT |
| Title |
Power sector future: Problems and prospects |
| 260 ## - PUBLICATION, DISTRIBUTION, ETC. |
| Date of publication, distribution, etc. |
2001 |
| 300 ## - PHYSICAL DESCRIPTION |
| Extent |
p.371-384. |
| 362 ## - DATES OF PUBLICATION AND/OR SEQUENTIAL DESIGNATION |
| Dates of publication and/or sequential designation |
Jul-Sep |
| 520 ## - SUMMARY, ETC. |
| Summary, etc. |
The article focuses mainly on the role of state as a regulator in an open and competitive environment. The authors analyse the factors that lie behind Dhabol Power Project experience. They exphasise that while planning and formulating projects, one should not lose sight of techno-economical aspects, social commitments and other fundamentals. IPPs and newer sources of power have been suggested as alternatives for local and domestic power requirements. - Reproduced |
| 650 ## - SUBJECT ADDED ENTRY--TOPICAL TERM |
| Topical term or geographic name entry element |
Power industry |
| 700 ## - ADDED ENTRY--PERSONAL NAME |
| Personal name |
Murthy, A.V.K. |
| 773 ## - HOST ITEM ENTRY |
| Main entry heading |
Indian Journal of Public Administration |
| 908 ## - PUT COMMAND PARAMETER (RLIN) |
| Put command parameter |
N |
| 909 ## - |
| -- |
50625 |